Биологические ресурсы и природные условия Монгольской Народной Республики. Т. 38: Методология оценки состояния и картографирования экосистем в экстремальных условиях (Запись № 6499481)

Подробности
000 -МАРКЕР
контрольное поле 02670nam2a22003611 4500
001 - ИДЕНТИФИКАТОР ЗАПИСИ
контрольное поле rc\3503981
005 - ИДЕНТИФИКАТОР ВЕРСИИ
контрольное поле 20250610040046.0
021 ## - НОМЕР ГОСУДАРСТВЕННОЙ РЕГИСТРАЦИИ
Код страны Российская Федерация
Номер 94-3336
035 ## - ДРУГИЕ СИСТЕМНЫЕ НОМЕРА
Идентификатор записи (NLR Aleph) 007677267
100 ## - ДАННЫЕ ОБЩЕЙ ОБРАБОТКИ
Данные общей обработки 20130115d1993 |||y0rusy50 ca
101 0# - ЯЗЫК РЕСУРСА
Язык текста, звукозаписи и т.д. русский
102 ## - СТРАНА ПУБЛИКАЦИИ ИЛИ ПРОИЗВОДСТВА
Страна публикации Российская Федерация
105 ## - ПОЛЕ КОДИРОВАННЫХ ДАННЫХ: ТЕКСТОВЫЕ МАТЕРИАЛЫ, МОНОГРАФИЧЕСКИЕ
Кодированные данные о монографическом текстовом документе a z |||||
200 1# - ЗАГЛАВИЕ И СВЕДЕНИЯ ОБ ОТВЕТСТВЕННОСТИ
Основное заглавие Методология оценки состояния и картографирования экосистем в экстремальных условиях
Первые сведения об ответственности [Е.А. Востокова, П.Д. Гунин, Х. Буян-Орших и др.
Последующие сведения об ответственности Отв. ред.: П.Д. Гунин, Е.А. Востокова]
-- [Редкол.: В.Е. Соколов, О. Шагдарсурэн (гл. ред.) и др.
-- Рос. акад. наук, АН Монголии, Совмест. сов.-монг. комплекс. биол. экспедиция]
210 ## - ПУБЛИКАЦИЯ, РАСПРОСТРАНЕНИЕ И ДР.
Место издания, распространения и т.д. Пущино
Имя издателя, распространителя и т. д. ПНЦ РАН
Дата издания, распространения и т.д. 1993
215 ## - ФИЗИЧЕСКАЯ ХАРАКТЕРИСТИКА
Специфическое обозначение материала и объем 202 с.
Другие сведения о физической характеристике ил.
Размеры 20
300 ## - ОБЩИЕ ПРИМЕЧАНИЯ
Текст примечания На обл. только част. загл. тома.
300 ## - ОБЩИЕ ПРИМЕЧАНИЯ
Текст примечания Рез. на англ. яз.
300 ## - ОБЩИЕ ПРИМЕЧАНИЯ
Текст примечания Парал. загл. на монг. яз.
320 ## - ПРИМЕЧАНИЯ О НАЛИЧИИ В ДОКУМЕНТЕ БИБЛИОГРАФИИ / УКАЗАТЕЛЯ
Текст примечания Библиогр.: с. 198-202
461 #0 - УРОВЕНЬ НАБОРА
Встроенное поле 001rc\3503945
-- 2001#$aБиологические ресурсы и природные условия Монгольской Народной Республики$dБугд найрамдах Монгол ард улсын байгалийн баялаг$e[Сборник статей$fРед. коллегия: Е.М. Лавренко (гл. ред.) и др.]$g[АН СССР. Зоол. ин-т. АН МНР. Ин-т биологии. Совместная Сов.-Монг. комплексная биол. экспедиция]$vТ. 38
Системный номер (АБИС) связанной записи 6499110
Место публикации Ленинград
Дата публикации 1972-
Первые сведения об ответственности Ред. коллегия: Е.М. Лавренко (гл. ред.) и др.]
Параллельное заглавие Бугд найрамдах Монгол ард улсын байгалийн баялаг
Имя издателя, распространителя и т.д. Наука. Ленингр. отд-ние
Сведения, относящиеся к заглавию [Сборник статей
Заглавие Биологические ресурсы и природные условия Монгольской Народной Республики
ISBN 5020265993
Номер тома Т. 38
701 #1 - ИМЯ ЛИЦА - АЛЬТЕРНАТИВНАЯ ОТВЕТСТВЕННОСТЬ
Связь между полями z02790
Начальный элемент ввода Буян-Орших
Часть имени, кроме начального элемента ввода Х.
701 #1 - ИМЯ ЛИЦА - АЛЬТЕРНАТИВНАЯ ОТВЕТСТВЕННОСТЬ
Начальный элемент ввода Востокова
Часть имени, кроме начального элемента ввода Е.А.
Расширение инициалов личного имени Елизавета Алексеевна
701 #1 - ИМЯ ЛИЦА - АЛЬТЕРНАТИВНАЯ ОТВЕТСТВЕННОСТЬ
Начальный элемент ввода Гунин
Часть имени, кроме начального элемента ввода П.Д.
Расширение инициалов личного имени Петр Дмитриевич
702 #1 - ИМЯ ЛИЦА - ВТОРИЧНАЯ ОТВЕТСТВЕННОСТЬ
Начальный элемент ввода Шагдарсурэн
Часть имени, кроме начального элемента ввода О.
Расширение инициалов личного имени Осорын
Код отношения Редактор
702 #1 - ИМЯ ЛИЦА - ВТОРИЧНАЯ ОТВЕТСТВЕННОСТЬ
Начальный элемент ввода Соколов
Часть имени, кроме начального элемента ввода В.Е.
Расширение инициалов личного имени Владимир Евгеньевич
Код отношения Редактор
790 #1 - ИМЯ ЛИЦА - АЛЬТЕРНАТИВНАЯ ФОРМА
Связь между полями z02701
Начальный элемент ввода Орших
Часть имени, кроме начального элемента ввода Х.
801 #0 - ИСТОЧНИК ЗАПИСИ
Страна Российская Федерация
Организация NLR
Правила каталогизации psbo
801 #1 - ИСТОЧНИК ЗАПИСИ
Страна Российская Федерация
Организация ELAR
Источник данных rusmarc
852 ## - МЕСТОНАХОЖДЕНИЕ И ШИФР ХРАНЕНИЯ
Идентификатор организации NLR
Шифр хранения (Call Number) 72-7/635
942 ## - ДОПОЛНИТЕЛЬНЫЕ ЭЛЕМЕНТЫ ЗАПИСИ (АБИС)
Тип экземпляра АБИС Книга
980 ## - КОЛЛЕКЦИЯ
Название коллекции Национальная библиография
Экземпляры
Тип экземпляра Дата поступления Библиотека постоянного хранения Библиотека текущего хранения Место хранения Шифр хранения Штрих-код Статус экземпляра
Книга 26.10.2013 РНБ (Московский) РНБ (Московский) Русский книжный фонд: издания с 1957 года 72-7/635 7677267-10